00478nam a2200145 a 450000100100000000500170001000800410002704000250006808200170009310000270011024500730013726000450021030000360025550400410029100002105820200930011224.0100830s1994 dr ac 001 0 spa d aDO-SdBNPbspacBNPHU axxxxxbM828h1 aA. Morales, H. Alfredo10aHermano victorino :bitinerario evangelico /cH. Alfredo A. Morales. aSanto Domingo :bAmigo del Hogar,c1994. a340 p. :bil., retrs. ;c28 cm. aIncluye bibliografía (p. 333 -334)